Shifting clouds : (Record no. 89598)

MARC details
000 -LEADER
fixed length control field 00576nam a22001937a 4500
005 - DATE AND TIME OF LATEST TRANSACTION
control field 20141028103806.0
010 ## - LCCN (DPL NO)
LC control number ENG-111050
020 ## - INTERNATIONAL STANDARD BOOK NUMBER
Terms of availability 200.00
International Standard Book Number 9789382536703
020 ## - INTERNATIONAL STANDARD BOOK NUMBER
Terms of availability 200.00
International Standard Book Number 9382536701
035 ## - SYSTEM CONTROL NUMBER
System control number EN-94582
037 ## - SOURCE OF ACQUISITION
Source of stock number/acquisition DBAD/PUB
082 ## - DEWEY DECIMAL CLASSIFICATION NUMBER
Classification number S
100 ## - MAIN ENTRY--PERSONAL NAME
Personal name Mitra, Ashoke
245 ## - TITLE STATEMENT
Title Shifting clouds :
Statement of responsibility, etc by Ashoke Mitra
Remainder of title an anthology of short stories /
260 ## - PUBLICATION, DISTRIBUTION, ETC. (IMPRINT)
Place of publication, distribution, etc New Delhi
Name of publisher, distributor, etc Lifi Publications
Date of publication, distribution, etc 2014
270 ## - ADDRESS
City New Delhi
Postal code 110008
Address 211, 2nd floor, Gagandeep, 12 Rajendra Place
300 ## - PHYSICAL DESCRIPTION
Extent ix,189p. :
Dimensions 21cm(pbk)
Other physical details ill.
942 ## - ADDED ENTRY ELEMENTS (KOHA)
Source of classification or shelving scheme Dewey Decimal Classification
Item type English Books
Call number suffix MIT
Classification part S
Holdings
Withdrawn status Lost status Not for loan Collection code Home library Current library Date acquired Source of acquisition Cost, normal purchase price Full call number Barcode Copy number Cost, replacement price Koha item type
    Not For Loan Fiction D.B.Act.Division D.B.Act.Division 24/10/2014 DBAD/PUB 200.00 S MIT EN-94582 1 200.00 English Books

© Delhi Public Library
Hit Counter
free hit counter